LIBRARY & INFORMATION CENTRE, KCAET, TAVANUR

ONLINE PUBLIC ACCESS CATALOGUE (OPAC)

Evaluation and modification of power tiller operated paddy reaper (Record no. 15030)

MARC details
000 -LEADER
fixed length control field 00574nam a22001697a 4500
003 - CONTROL NUMBER IDENTIFIER
control field OSt
088 ## - REPORT NUMBER
Report number T 45
100 ## - MAIN ENTRY--AUTHOR NAME
Personal name SELVAN P
245 ## - TITLE STATEMENT
Title Evaluation and modification of power tiller operated paddy reaper
260 ## - PUBLICATION, DISTRIBUTION, ETC. (IMPRINT)
Place of publication Tavanur 1995
Name of publisher Kelappaji college of Agricultural Engineering and Technology
300 ## - PHYSICAL DESCRIPTION
Number of Pages 125
500 ## - GENERAL NOTE
General note Evaluation and modification of power tiller operated paddy reaper
520 ## - SUMMARY, ETC.
Summary, etc Evaluation and modification of power tiller operated paddy reaper
700 ## - ADDED ENTRY--PERSONAL NAME
Personal name Dr. M Sivaswami (Guide)
942 ## - ADDED ENTRY ELEMENTS (KOHA)
Koha item type Theses
Holdings
Collection code Home library Current library Shelving location Full call number Accession Number Koha item type Public note
Reference KAUAET KAUAET Reference 631.3 SEL/EV T 45 Theses M.Tech Thesis
free website counter